gracie abrams - 21 lyrics quiz - Statistics

General Stats
  • This quiz has been taken 44 times
  • The average score is 270 of 299
Answer Stats
Answer % Correct
a
100%
be
100%
i
100%
I
100%
i'll
100%
i'm
100%
im
100%
me
100%
miss
100%
the
100%
to
100%
you
100%
your
100%
21st
95%
and
95%
bit
95%
biting
95%
call
95%
eye
95%
in
95%
look
95%
love
95%
missed
95%
over
95%
see
95%
tongue
95%
when
95%
already
90%
birthday
90%
by
90%
could
90%
don't
90%
if
90%
is
90%
life
90%
little
90%
mom
90%
my
90%
night
90%
of
90%
out
90%
sometimes
90%
up
90%
was
90%
young
90%
30
86%
again
86%
always
86%
blurry
86%
but
86%
doesn't
86%
eyed
86%
fire
86%
forever
86%
get
86%
go
86%
hurting
86%
it
86%
just
86%
know
86%
loved
86%
made
86%
mean
86%
mistake
86%
not
86%
on
86%
sorry
86%
stay
86%
tell
86%
that
86%
time
86%
turn
86%
under
86%
you'll
86%
you're
86%
12
81%
alone
81%
at
81%
away
81%
because
81%
been
81%
black
81%
family
81%
head
81%
inside
81%
o'clock
81%
said
81%
should
81%
small
81%
talk
81%
were
81%
white
81%
almost
76%
couldn't
76%
hate
76%
home
76%
lights
76%
past
76%
saw
76%
think
76%
tried
76%
without
76%
would
76%
blame
71%
from
71%
happy
71%
haven't
71%
heard
71%
it's
71%
picture
71%
went
71%
audrey
67%
half-drunk
67%
never
67%
she
67%
still
67%
thought
67%
comin'
62%
you'd
62%
No matching quizzes found
Score Distribution
Percent of People with Each Score
Percentile by Number Answered
Your Score History
You have not taken this quiz